000
00317nam a22000977a 4500
005
20250901165248.0
008
210301b ||||| |||| 00| 0 eng d
050
_a
QP44 .T67
245
_a
Laboratory exercises in anatomy and physiology with cat dissections
_c
TORTORA, GERARD
942
_2
lcc
_h
QP44 .T67 1985
999
_c
1187
_d
1187